Literature, culture, and society / (Record no. 101530)

MARC details
000 -LEADER
fixed length control field 00577nam a22001817a 4500
005 - DATE AND TIME OF LATEST TRANSACTION
control field 20160801114428.0
010 ## - LCCN (DPL NO)
LC control number ENG-115559
020 ## - INTERNATIONAL STANDARD BOOK NUMBER
International Standard Book Number 9789384721398
Terms of availability 395.00
037 ## - SOURCE OF ACQUISITION
Stock number EN-99091
082 ## - DEWEY DECIMAL CLASSIFICATION NUMBER
Classification number 809
245 ## - TITLE STATEMENT
Title Literature, culture, and society /
Statement of responsibility, etc edited by Orance Mahaldar [and] Debdip Dhibar
260 ## - PUBLICATION, DISTRIBUTION, ETC. (IMPRINT)
Place of publication, distribution, etc Kolkata
Name of publisher, distributor, etc Maha Bodhi Book Agency
Date of publication, distribution, etc 2015
270 ## - ADDRESS
Address 4A,Bankim Chaterjeee Street, College Square
City Kolkata
Postal code 700073
300 ## - PHYSICAL DESCRIPTION
Extent 246p.
Dimensions 22cm(Hb)
700 ## - ADDED ENTRY--PERSONAL NAME
Personal name Mahaldar,Orance
700 ## - ADDED ENTRY--PERSONAL NAME
Personal name Dhibar,Debdip
942 ## - ADDED ENTRY ELEMENTS (KOHA)
Source of classification or shelving scheme Dewey Decimal Classification
Item type English Books
Classification part 809
Call number suffix LIT
Holdings
Withdrawn status Lost status Not for loan Collection code Home library Current library Date acquired Source of acquisition Cost, normal purchase price Full call number Barcode Copy number Cost, replacement price Koha item type
    Not For Loan Non-fiction D.B.Act.Division Bawana 27/07/2016 DBAD/PUB 395.00 809 LIT EN-99091 1 395.00 English Books

© Delhi Public Library
Hit Counter
free hit counter